000 01275nam a2200325Ia 4500
001 ebr10051215
003 CaPaEBR
006 m u
007 cr cn|||||||||
008 010307s2001 nyua sb 001 0 eng d
020 _z082479561X
040 _aCaPaEBR
_cCaPaEBR
035 _a(OCoLC)51045635
050 1 4 _aQA274.4
_b.E64 2001eb
082 0 4 _a660
_213
100 1 _aEnglezos, Peter,
_d1958-
245 1 0 _aApplied parameter estimation for chemical engineers
_h[electronic resource] /
_cPeter Englezos, Nicolas Kalogerakis.
260 _aNew York :
_bM. Dekker,
_cc2001.
300 _axvii, 434 p. :
_bill.
490 1 _aChemical industries ;
_v81
504 _aIncludes bibliographical references (p. 391-402) and index.
533 _aElectronic reproduction.
_bPalo Alto, Calif. :
_cebrary,
_d2009.
_nAvailable via World Wide Web.
_nAccess may be limited to ebrary affiliated libraries.
650 0 _aParameter estimation.
650 0 _aGaussian processes.
655 7 _aElectronic books.
_2local
700 1 _aKalogerakis, Nicolas,
_d1954-
710 2 _aebrary, Inc.
830 0 _aChemical industries ;
_vv. 81.
856 4 0 _uhttp://site.ebrary.com/lib/rucke/Doc?id=10051215
_zAn electronic book accessible through the World Wide Web; click to view
999 _c179619
_d179619